Abba, Bananarama, Bee Gees or Diana Ross - Statistics

General Stats
  • This quiz has been taken 207 times
  • The average score is 7 of 15
Answer Stats
Question Answer % Correct
Gimme Gimme Gimme Abba
98%
Cruel Summer Bananarama
76%
Tragedy Bee Gees
72%
Angel Eyes Abba
59%
Love Hangover Diana Ross
59%
My Old Piano Diana Ross
54%
Summernight City Abba
49%
Not Over You Yet Diana Ross
44%
Don't Forget To Remember Bee Gees
41%
Head Over Heels Abba
39%
It's My House Diana Ross
37%
Rough Justice Bananarama
33%
Love Truth And Honesty Bananarama
29%
Love You Inside Out Bee Gees
29%
Under Attack Abba
27%
No matching quizzes found
Score Distribution
Percent of People with Each Score
Percentile by Number Answered
Your Score History
You have not taken this quiz